Online
Catalog

Vuelta al paraíso : (Record no. 55861)

MARC details
000 -CABECERA
campo de control de longitud fija 01496nam a2200337 i 4500
003 - IDENTIFICADOR DEL NÚMERO DE CONTROL
campo de control DO-SdBNP
005 - FECHA Y HORA DE LA ÚLTIMA TRANSACCIÓN
campo de control 20250923090550.0
007 - CAMPO FIJO DE DESCRIPCIÓN FÍSICA--INFORMACIÓN GENERAL
campo de control de longitud fija ta
008 - DATOS DE LONGITUD FIJA--INFORMACIÓN GENERAL
campo de control de longitud fija 240208t2023 dr ac||| |||| 00| p spa d
020 ## - NÚMERO INTERNACIONAL ESTÁNDAR DEL LIBRO
Número Internacional Estándar del Libro 9789945510362
040 ## - FUENTE DE LA CATALOGACIÓN
Centro catalogador/agencia de origen DO-SdBNP
Lengua de catalogación spa
Centro/agencia transcriptor BNPHU
Normas de descripción rda
041 ## - CÓDIGO DE LENGUA
Código de lengua del texto/banda sonora o título independiente spa
082 #4 - NÚMERO DE LA CLASIFICACIÓN DECIMAL DEWEY
Número de clasificación xxx
Número de documento/Ítem V986p
Número de edición 22
245 00 - MENCIÓN DE TÍTULO
Título Vuelta al paraíso :
Resto del título antología de Jeannette Miller /
Mención de responsabilidad, etc. Selección y prólogo de, José Alcántara Almánzar ; corrección, María del Carmen Vicente, Apolinar Liz Rodríguez y José Ángel Mercedes Bratini
250 ## - MENCIÓN DE EDICIÓN
Mención de edición Primera edición
264 #4 - PRODUCCIÓN, PUBLICACIÓN, DISTRIBUCIÓN, FABRICACIÓN Y COPYRIGHT
Producción, publicación, distribución, fabricación y copyright Santo Domingo :
Nombre del de productor, editor, distribuidor, fabricante Editora Nacional,
Fecha de producción, publicación, distribución, fabricación o copyright ©2023.
300 ## - DESCRIPCIÓN FÍSICA
Extensión 437 páginas ;
Dimensiones 23 cm.
336 ## - TIPO DE CONTENIDO
Término de tipo de contenido texto
Código de tipo de contenido txt
Fuente rdacontent
337 ## - TIPO DE MEDIO
Nombre/término del tipo de medio sin mediación
Código del tipo de medio n
Fuente rdamedia
338 ## - TIPO DE SOPORTE
Nombre/término del tipo de soporte volumen
Código del tipo de soporte nc
Fuente rdacarrier
490 1# - MENCIÓN DE SERIE
Mención de serie Colección Homenaje
500 ## - NOTA GENERAL
Nota general 2023, XXV Feria Internacional del Libro Santo Domingo, dedicado a la autora Jeannette Miller.
505 ## - NOTA DE CONTENIDO CON FORMATO
Nota de contenido con formato Prólogo/
Mención de responsabilidad José Alcántara Almánzar.
Información miscelánea I. De Poesía:
Título Cotidianos.--
-- Platónicos.--
-- Personales.--
-- Polvo eres.--
Información miscelánea II. De Narrativa:
-- III. De Arte y Ensayos.
590 ## - NOTA LOCAL (RLIN)
Nota local Inventariado 2024 / MF
600 10 - PUNTO DE ACCESO ADICIONAL DE MATERIA--NOMBRE DE PERSONA
Nombre de persona Miller, Jeannette,
Fechas asociadas al nombre 1944-
9 (RLIN) 83484
700 1# - PUNTO DE ACCESO ADICIONAL--NOMBRE DE PERSONA
Nombre de persona Alcántara Almánzar, José,
Fechas asociadas al nombre 1946-
Término indicativo de función/relación compilador
Código de función/relación comp.
9 (RLIN) 7018
700 1# - PUNTO DE ACCESO ADICIONAL--NOMBRE DE PERSONA
Nombre de persona Vicente, María del Carmen,
Término indicativo de función/relación corrector
Código de función/relación corr.
9 (RLIN) 54913
700 1# - PUNTO DE ACCESO ADICIONAL--NOMBRE DE PERSONA
Nombre de persona Liz Rodríguez, Apolinar,
Término indicativo de función/relación corrector
Código de función/relación corr.
9 (RLIN) 84877
700 1# - PUNTO DE ACCESO ADICIONAL--NOMBRE DE PERSONA
Nombre de persona Mercedes Bratini, José Ángel,
Término indicativo de función/relación corrector
Código de función/relación corr.
9 (RLIN) 84873
942 ## - ELEMENTOS DE PUNTO DE ACCESO ADICIONAL (KOHA)
Fuente del sistema de clasificación o colocación Dewey Decimal Classification
Tipo de ítem Koha Libro
Holdings
Estado de retiro Estado de pérdida Fuente del sistema de clasificación o colocación Restricciones de uso No para préstamo Código de colección Localización permanente Ubicación/localización actual Ubicación en estantería Fecha de adquisición Fuente de adquisición Total de préstamos Signatura topográfica completa Código de barras Fecha visto por última vez Precio válido a partir de Tipo de ítem Koha Número de copia
    Dewey Decimal Classification Excluido de préstamo   Patrimonio Dominicano Biblioteca Nacional Pedro Henríquez Ureña Biblioteca Nacional Pedro Henríquez Ureña En catalogación 06.09.2023 Depósito Legal   BNPHU PD V986p 2024-0855 08.02.2024 08.02.2024 Libro  
    Dewey Decimal Classification Excluido de préstamo   Patrimonio Dominicano Biblioteca Nacional Pedro Henríquez Ureña Biblioteca Nacional Pedro Henríquez Ureña Extraviado 06.09.2023 Depósito Legal   BNPHU PD V986p 2024-0856 08.02.2024 08.02.2024 Libro e.2
    Dewey Decimal Classification Préstamo en sala   Dominicana de Servicio Biblioteca Nacional Pedro Henríquez Ureña Biblioteca Nacional Pedro Henríquez Ureña En catalogación 06.09.2023 Depósito Legal   BNPHU DS V986p 2024-0857 08.02.2024 08.02.2024 Libro e.3
    Dewey Decimal Classification Préstamo en sala   Dominicana de Servicio Biblioteca Nacional Pedro Henríquez Ureña Biblioteca Nacional Pedro Henríquez Ureña En catalogación 23.09.2025 Donación   BNPHU DS V986p 2025-10766 23.09.2025 23.09.2025 Libro e.4
    Dewey Decimal Classification Préstamo en sala   Dominicana de Servicio Biblioteca Nacional Pedro Henríquez Ureña Biblioteca Nacional Pedro Henríquez Ureña En catalogación 23.09.2025 Donación   BNPHU DS V986p 2025-10767 23.09.2025 23.09.2025 Libro e.5

Powered by Koha